Mi barrio (Record no. 646)

MARC details
000 -CABECERA
campo de control de longitud fija 00787nam a2200205 a 4500
001 - NÚMERO DE CONTROL
campo de control BRCA_747
005 - FECHA Y HORA DE LA ÚLTIMA TRANSACCIÓN
campo de control 20190320203131.0
008 - DATOS DE LONGITUD FIJA--INFORMACIÓN GENERAL
campo de control de longitud fija 911022s1988 mx-a---##b---f001-0#spa-d
020 ## - NÚMERO INTERNACIONAL ESTÁNDAR DEL LIBRO
Número Internacional Estándar del Libro 9688160857
050 #4 - SIGNATURA TOPOGRÁFICA DE LA BIBLIOTECA DEL CONGRESO
Número de clasificación F1386
Número de documento/Ítem .D57 17
-- 1988
100 1# - ENTRADA PRINCIPAL--NOMBRE DE PERSONA
Nombre de persona Macedo, Miguel S.
Fechas asociadas al nombre 1856-1929
9 (RLIN) 2473
245 10 - MENCIÓN DE TÍTULO
Título Mi barrio
Resto del título ensayo histórico
Mención de responsabilidad, etc. Miguel S. Macedo.
260 ## - PUBLICACIÓN, DISTRIBUCIÓN, ETC.
Lugar de publicación, distribución, etc. México
Nombre del editor, distribuidor, etc. Departamento del Distrito Federal : Secretaría General de Desarrollo Social : Comité Interno de Ediciones Gubernamentales
Fecha de publicación, distribución, etc. 1988
300 ## - DESCRIPCIÓN FÍSICA
Extensión 91 p.
Otras características físicas il.
Dimensiones 21 cm.
440 #0 - MENCIÓN DE SERIE/PUNTO DE ACCESO ADICIONAL--TÍTULO
Título Colección Distrito Federal
Designación de volumen o secuencia 17
9 (RLIN) 2474
500 ## - NOTA GENERAL
Nota general Incluye índice analítico, índice alfabético e índice de láminas
650 14 - PUNTO DE ACCESO ADICIONAL DE MATERIA--TÉRMINO DE MATERIA
Término de materia o nombre geográfico como elemento de entrada Calles
Subdivisión geográfica México
9 (RLIN) 2475
651 #4 - PUNTO DE ACCESO ADICIONAL DE MATERIA--NOMBRE GEOGRÁFICO
Nombre geográfico Ciudad de México
Subdivisión general Descripción y viajes
9 (RLIN) 2418
942 ## - ELEMENTOS DE PUNTO DE ACCESO ADICIONAL (KOHA)
Fuente del sistema de clasificación o colocación Library of Congress Classification
Tipo de ítem Koha Libros
Holdings
Estado de retiro Estado de pérdida Estado dañado No para préstamo Localización permanente Ubicación/localización actual Fecha de adquisición Total de préstamos Signatura topográfica completa Código de barras Fecha visto por última vez Precio válido a partir de Tipo de ítem Koha
El ejemplar forma parte de la colección y puede ser consultado según las políticas vigentes.       Biblioteca del Museo Franz Mayer (Rogerio Casas-Alatriste) Biblioteca del Museo Franz Mayer (Rogerio Casas-Alatriste) 26/06/2008   F1386 .D57 17 1988 01144 22/03/2019 22/03/2019 Libros